[Event "Detroit (MCO/A/2a/3)"]
[Site "?"]
[Date "1994.??.??"]
[Round "?"]
[White "Walker, Douglas"]
[Black "Golonka, Stan"]
[Result "0-1"]
[WhiteElo "1875"]
[BlackElo "1925"]
[PlyCount "58"]
[EventDate "1994.??.??"]

1. e4 c5 2. Nf3 Nc6 3. d4 cxd4 4. Nxd4 e5 5. Nb5 a6 6. Nd6+ Bxd6 7. Qxd6 Qf6 8.
Qd1 Qg6 9. f3 Nge7 10. Be3 d5 11. Nd2 d4 12. Bf2 O-O 13. Bg3 f5 14. Bc4+ Be6
15. Bxe6+ Qxe6 16. exf5 Nxf5 17. Bf2 Nb4 18. O-O Nd5 19. Qe2 Nfe3 20. Bxe3 Nxe3
21. Rfc1 Rac8 22. Ne4 Qb6 23. Rab1 Rc6 24. Kh1 Rfc8 25. c3 Nd5 26. Re1 Nf4 27.
Qd1 Rg6 28. g3 Nh3 29. Qd3 Qc6 0-1

[Event "Eastpointe (US Am N/6/12)"]
[Site "?"]
[Date "1994.??.??"]
[Round "?"]
[White "Walker, Douglas"]
[Black "Choyke, J."]
[Result "1-0"]
[WhiteElo "1900"]
[BlackElo "1625"]
[PlyCount "93"]
[EventDate "1994.??.??"]

{6/(12)} 1. e4 Nc6 2. d4 d5 3. e5 h5 4. Nf3 Bg4 5. c3 f6 6. exf6 Nxf6 7. Bd3
Ne4 8. Qe2 Bf5 9. Nbd2 Nxd2 10. Bxf5 Nxf3+ 11. Qxf3 Qd6 12. Bf4 Qf6 13. Qxd5
Rd8 14. Qe4 Nxd4 15. Bg6+ Kd7 16. cxd4 Kc8 17. Rc1 Rd6 18. Bxd6 Qxd6 19. O-O
Rh6 20. Bf5+ Kb8 21. Bh3 e6 22. Rfe1 g5 23. Bxe6 a6 24. d5 Bg7 25. Qc2 Bd4 26.
Qd2 Qb6 27. Rcd1 Bc5 28. a3 Rf6 29. Rf1 h4 30. b4 Bd6 31. Qd4 Bxh2+ 32. Kxh2
Qd6+ 33. Kg1 Rf4 34. Qg7 h3 35. Bxh3 Rh4 36. Qxg5 Rh6 37. Rc1 Rg6 38. Qf5 Rh6
39. Qc8+ Ka7 40. Rxc7 Qb6 41. Rfc1 Rxh3 42. Rxb7+ Qxb7 43. Rc7 Qxc7 44. Qxc7+
Ka8 45. gxh3 a5 46. d6 axb4 47. d7 1-0

[Event "Warren (Warmup"]
[Site "?"]
[Date "1994.??.??"]
[Round "?"]
[White "Walker, Douglas"]
[Black "Carvell, John"]
[Result "1-0"]
[WhiteElo "1875"]
[BlackElo "1605"]
[PlyCount "26"]
[EventDate "1994.??.??"]

1. e4 e5 2. Nf3 Nc6 3. Bb5 a6 4. Ba4 Nf6 5. O-O Be7 6. Re1 b5 7. Bb3 O-O 8. a4
Bb7 9. d3 Re8 10. Nc3 d6 11. axb5 axb5 12. Rxa8 Qxa8 13. Nxb5 Rc8 1-0

[Event "Detroit (WCO/5/13)"]
[Site "?"]
[Date "1994.??.??"]
[Round "?"]
[White "Walker, Anthony"]
[Black "Woods, O."]
[Result "0-1"]
[WhiteElo "1605"]
[BlackElo "1605"]
[PlyCount "84"]
[EventDate "1994.??.??"]

{5/(13)} 1. e4 e5 2. Nf3 Nc6 3. Bc4 Nf6 4. O-O Nxe4 5. Re1 Nf6 6. Nxe5 Nxe5 7.
d4 d6 8. dxe5 dxe5 9. Bxf7+ Ke7 10. Rxe5+ Be6 11. Rxe6+ Kxf7 12. Re1 Qxd1 13.
Rxd1 Bd6 14. Nc3 Rhe8 15. Be3 Kg8 16. Rd3 Ng4 17. g3 Nxe3 18. fxe3 Bc5 19. Nd5
Bb6 20. Nxb6 cxb6 21. Rad1 Re7 22. Re1 Rc8 23. Rf1 Rf7 24. Rxf7 Kxf7 25. c3 Rc7
26. Kf2 Kf6 27. e4 Ke5 28. Ke3 Rc4 29. Rd4 Rxd4 30. cxd4+ Ke6 31. Kf4 a5 32. h4
b5 33. d5+ Kd6 34. g4 a4 35. h5 b4 36. g5 b3 37. a3 b5 38. g6 hxg6 39. hxg6 b4
40. Ke3 bxa3 41. Kd4 axb2 42. e5+ Ke7 0-1

[Event "Detroit (WCO/1/5)"]
[Site "?"]
[Date "1994.??.??"]
[Round "?"]
[White "Walker, Anthony"]
[Black "Walker, Douglas"]
[Result "0-1"]
[WhiteElo "1605"]
[BlackElo "1900"]
[PlyCount "52"]
[EventDate "1994.??.??"]

{1/(5)} 1. e4 c5 2. Nf3 d6 3. Nc3 a6 4. d4 cxd4 5. Nxd4 Nf6 6. a4 e6 7. Bg5 Be7
8. Bd3 e5 9. Nf3 Be6 10. O-O Nbd7 11. Re1 O-O 12. h3 h6 13. Bxf6 Nxf6 14. Qe2
Rc8 15. Nd2 Qc7 16. Rad1 Qb6 17. Bc4 Qxb2 18. Qd3 Bxc4 19. Nxc4 Qb4 20. Ne3
Qxc3 21. Nf5 Rfe8 22. Nxe7+ Rxe7 23. Qxc3 Rxc3 24. Re2 Rec7 25. Rc1 Ra3 26. Rd2
Nxe4 0-1

[Event "Detroit (WCO/3/16)"]
[Site "?"]
[Date "1994.??.??"]
[Round "?"]
[White "Walker, Anthony"]
[Black "Townsend, D."]
[Result "1-0"]
[WhiteElo "1605"]
[BlackElo "1605"]
[PlyCount "55"]
[EventDate "1994.??.??"]

{3/(16)} 1. e4 c6 2. d4 d5 3. Nc3 Nf6 4. e5 Ne4 5. Nxe4 dxe4 6. Bc4 e6 7. f3
Be7 8. fxe4 Na6 9. Nf3 c5 10. d5 exd5 11. exd5 O-O 12. d6 Bxd6 13. exd6 Qe8+
14. Be2 Bf5 15. O-O Qe6 16. Nh4 Be4 17. Bf3 Rad8 18. Bxe4 Qxe4 19. Nf3 Rfe8 20.
Re1 Qg4 21. Rxe8+ Rxe8 22. d7 Rd8 23. Bg5 Rf8 24. d8=Q Qe6 25. Qxf8+ Kxf8 26.
Qd8+ Qe8 27. Be7+ Kg8 28. Qxe8# 1-0

[Event "Eastpointe (US Am N/2/28)"]
[Site "?"]
[Date "1994.??.??"]
[Round "?"]
[White "Walker, Anthony"]
[Black "Swathell, Gary"]
[Result "1-0"]
[WhiteElo "1605"]
[BlackElo "1645"]
[PlyCount "91"]
[EventDate "1994.??.??"]

{2/(28)} 1. e4 e6 2. d4 d5 3. e5 c5 4. c3 cxd4 5. cxd4 Bb4+ 6. Bd2 Bxd2+ 7.
Nxd2 Ne7 8. Ngf3 O-O 9. Bd3 f5 10. exf6 Rxf6 11. Bxh7+ Kxh7 12. Ng5+ Kg8 13.
Qh5 Kf8 14. Nh7+ Kg8 15. Nxf6+ gxf6 16. Rc1 Nf5 17. Rc3 Nc6 18. Rh3 Kf8 19. O-O
Ke7 20. Nb3 b6 21. Re1 Qg8 22. Qxf5 Kd6 23. Qxf6 Bd7 24. Qf4+ Ke7 25. Rg3 Qh8
26. Ree3 Rf8 27. Qg5+ Kd6 28. Rh3 Qf6 29. Qxf6 Rxf6 30. g3 e5 31. dxe5+ Nxe5
32. Rh7 Ng4 33. Ree7 Bb5 34. f4 a5 35. Rb7 Bc6 36. Rxb6 Re6 37. Rxc6+ Kxc6 38.
Nd4+ Kd6 39. Nxe6 Kxe6 40. Ra7 d4 41. Rxa5 d3 42. Kf1 d2 43. Ke2 Ne3 44. Re5+
Kd6 45. Rxe3 d1=Q+ 46. Kxd1 1-0

[Event "Detroit (Class DE/5/4)"]
[Site "?"]
[Date "1994.??.??"]
[Round "?"]
[White "Walker, Anthony"]
[Black "McNeil, Yaking"]
[Result "0-1"]
[WhiteElo "1605"]
[BlackElo "1605"]
[PlyCount "42"]
[EventDate "1994.??.??"]

{5/(4)} 1. e4 c5 2. Nf3 Nc6 3. Nc3 Nf6 4. d4 cxd4 5. Nxd4 h6 6. Bc4 e6 7. Nxc6
bxc6 8. Be2 Bb4 9. Qd3 O-O 10. Bd2 d5 11. a3 Bxc3 12. Bxc3 Nxe4 13. f3 Nxc3 14.
Qxc3 Qb6 15. O-O-O Ba6 16. Rhe1 Bxe2 17. Rxe2 c5 18. Qd2 Rab8 19. c3 Qb3 20. g3
Qa2 21. Kc2 Rxb2+ 0-1

[Event "Eastpointe (US Am N/3/29)"]
[Site "?"]
[Date "1994.??.??"]
[Round "?"]
[White "Walker, Anthony"]
[Black "Herzog, M."]
[Result "1-0"]
[WhiteElo "1605"]
[BlackElo "1635"]
[PlyCount "65"]
[EventDate "1994.??.??"]

{3/(29)} 1. e4 Nf6 2. e5 Nd5 3. d4 d6 4. Bc4 Nb6 5. Bd3 Nc6 6. Nf3 Bg4 7. Be2
Rb8 8. Bf4 Nd5 9. Bg3 Bxf3 10. Bxf3 e6 11. O-O dxe5 12. dxe5 Ndb4 13. Be4 Qd4
14. Bxc6+ Nxc6 15. c3 Qb6 16. Qc2 Be7 17. Nd2 a6 18. Rfe1 O-O 19. Ne4 Rbd8 20.
Bf4 f6 21. exf6 gxf6 22. Qe2 Ne5 23. Rad1 Ng6 24. Bh6 Rfe8 25. b3 f5 26. Ng5
Bf6 27. Rxd8 Bxd8 28. Qc4 Bxg5 29. Bxg5 Qd6 30. Qe2 e5 31. Qc4+ Kh8 32. Qf7 Re6
33. Bh6 1-0

[Event "Detroit (Class DE/3/13)"]
[Site "?"]
[Date "1994.??.??"]
[Round "?"]
[White "Walker, Anthony"]
[Black "Dohm, F."]
[Result "1-0"]
[WhiteElo "1605"]
[BlackElo "1605"]
[PlyCount "71"]
[EventDate "1994.??.??"]

{3/(13)} 1. e4 e6 2. d4 c5 3. Nf3 Nc6 4. c3 Nf6 5. Bg5 Be7 6. Nbd2 Qb6 7. Qc2
Qc7 8. Be2 b6 9. O-O Bb7 10. Rfe1 d6 11. Bb5 O-O-O 12. e5 dxe5 13. dxe5 Ng4 14.
Bxe7 Qxe7 15. h3 Nh6 16. Qe4 f5 17. exf6 gxf6 18. Bxc6 Bxc6 19. Qxc6+ Kb8 20.
Rxe6 Qg7 21. Nc4 Rc8 22. Qd6+ Rc7 23. Rae1 Qf7 24. Rxf6 Qd7 25. Rf8+ Rxf8 26.
Qxf8+ Kb7 27. Qxh6 Rc6 28. Qg5 Ka6 29. Nfe5 Qd5 30. Nxc6 Qxc6 31. Ne5 Qd6 32.
Re4 Qd1+ 33. Kh2 Qc2 34. Qf5 Qxb2 35. Ra4+ Kb5 36. Qd7# 1-0

[Event "Detroit (Class DE/1/14)"]
[Site "?"]
[Date "1994.??.??"]
[Round "?"]
[White "Walker, Anthony"]
[Black "Bulliner, T."]
[Result "0-1"]
[WhiteElo "1605"]
[BlackElo "1605"]
[PlyCount "124"]
[EventDate "1994.??.??"]

{1/(14)} 1. e4 e5 2. Nf3 Nc6 3. Bc4 Nf6 4. O-O Nxe4 5. Re1 d5 6. Bb5 Bd7 7. d3
Nf6 8. Bxc6 Bxc6 9. Nxe5 Be7 10. Nxc6 bxc6 11. Bf4 O-O 12. d4 Re8 13. Nd2 Rb8
14. b3 Bb4 15. a3 Bc3 16. Rb1 Bxd4 17. Nf3 Bc5 18. Ne5 Rb6 19. a4 Ne4 20. Ng4
Nc3 21. Rxe8+ Qxe8 22. Qe1 Ne4 23. Bxc7 Rb7 24. Bf4 Re7 25. Be3 d4 26. b4 Nc3
27. bxc5 Nxb1 28. Qxb1 dxe3 29. Nxe3 g6 30. Kf1 Qc8 31. Qd1 Rd7 32. Qe2 Qb7 33.
f3 Qb4 34. Ng4 Kf8 35. Nf6 Re7 36. Nxh7+ Ke8 37. Nf6+ Kd8 38. Qd3+ Kc8 39. Qa6+
Qb7 40. Qxb7+ Kxb7 41. g4 Ka6 42. h4 Ka5 43. h5 gxh5 44. gxh5 Re6 45. Ng4 f5
46. Kg2 fxg4 47. fxg4 Kxa4 48. Kg3 Kb4 49. Kf4 Kxc5 50. Kf5 Kd5 51. g5 Kd6 52.
h6 Re8 53. h7 Ke7 54. Kg6 a5 55. Kg7 a4 56. g6 a3 57. h8=Q Rxh8 58. Kxh8 a2 59.
g7 a1=Q 60. Kh7 Qh1+ 61. Kg6 Qg2+ 62. Kh7 Kf7 0-1

[Event "Grand Rapids (MI Am/2/26)"]
[Site "?"]
[Date "1994.??.??"]
[Round "?"]
[White "Waite, Lawrence"]
[Black "Spangler, Richard"]
[Result "1-0"]
[WhiteElo "1605"]
[BlackElo "1605"]
[PlyCount "119"]
[EventDate "1994.??.??"]

{2/(26)} 1. e4 d5 2. e5 c5 3. d3 Bf5 4. Nf3 e6 5. Be2 Nc6 6. O-O Nge7 7. Bg5 h6
8. Bh4 Qc7 9. Bg3 Ng6 10. Nc3 a6 11. Re1 Ncxe5 12. Nxe5 Nxe5 13. Qd2 Bd6 14.
Bf1 Ng6 15. Nxd5 Qc6 16. Ne3 O-O 17. Bxd6 Qxd6 18. Nc4 Qf4 19. Qe3 Qxe3 20.
Rxe3 Ne7 21. Rae1 Nc6 22. c3 Rad8 23. f4 b5 24. Ne5 Rd6 25. Nxc6 Rxc6 26. g3
Rd6 27. Rd1 Rfd8 28. Kg2 g5 29. fxg5 hxg5 30. Kf3 f6 31. b4 c4 32. d4 e5 33. g4
Bg6 34. Be2 exd4 35. Rxd4 Rxd4 36. cxd4 Rxd4 37. Re6 Bd3 38. Ke3 Rd8 39. Bxd3
cxd3 40. Kd2 Rd4 41. Rxf6 Rxg4 42. Kxd3 Rg2 43. Rxa6 Rxh2 44. Rg6+ Kf7 45. Rxg5
Rh3+ 46. Kd4 Rh4+ 47. Kc5 Kf6 48. Rd5 Ke6 49. Rd6+ Ke7 50. Rb6 Rh5+ 51. Kc6 Kd8
52. Rxb5 Rxb5 53. Kxb5 Kc7 54. Ka6 Kb8 55. b5 Ka8 56. Kb6 Kb8 57. a3 Ka8 58.
Kc7 Ka7 59. b6+ Ka8 60. b7+ 1-0

[Event "Detroit (Class C/4/11)"]
[Site "?"]
[Date "1994.??.??"]
[Round "?"]
[White "Waite, Lawrence"]
[Black "Rodriguez, Juan"]
[Result "1-0"]
[WhiteElo "1605"]
[BlackElo "1605"]
[PlyCount "79"]
[EventDate "1994.??.??"]

{4/(11)} 1. e4 e6 2. d4 d5 3. e5 c5 4. c3 Nc6 5. Nf3 cxd4 6. cxd4 Qb6 7. Be2
Nge7 8. a3 Nf5 9. O-O Bd7 10. Qd3 Nfxd4 11. Nxd4 Qxd4 12. Qxd4 Nxd4 13. Bd1 Rc8
14. Be3 Bc5 15. Nc3 Nf5 16. Bxc5 Rxc5 17. g4 Nd4 18. Rc1 O-O 19. f4 Rfc8 20.
Rf2 Nb5 21. Rfc2 Nxc3 22. Rxc3 Rxc3 23. Rxc3 Rxc3 24. bxc3 b5 25. Kf2 Kf8 26.
Ke3 Ke7 27. Be2 f6 28. Kd4 g5 29. fxg5 fxe5+ 30. Kxe5 Be8 31. h4 Kf7 32. h5 a5
33. Bd3 b4 34. cxb4 axb4 35. axb4 Ba4 36. Be2 Bc2 37. b5 Ba4 38. b6 Bc6 39. Ba6
Ke7 40. b7 1-0

[Event "Grand Rapids (MI Am/4/26)"]
[Site "?"]
[Date "1994.??.??"]
[Round "?"]
[White "Waite, Lawrence"]
[Black "Mahabir, Jagdesh"]
[Result "1-0"]
[WhiteElo "1605"]
[BlackElo "1605"]
[PlyCount "113"]
[EventDate "1994.??.??"]

{4/(26)} 1. e4 d6 2. d4 Nf6 3. Nc3 g6 4. Nf3 Bg7 5. Bc4 O-O 6. Bb3 Be6 7. Bxe6
fxe6 8. Ng5 Qd7 9. d5 e5 10. Ne6 Rf7 11. O-O c6 12. Nxg7 Kxg7 13. Bg5 cxd5 14.
exd5 Qf5 15. Qd2 Nbd7 16. Bh6+ Kg8 17. f3 Nb6 18. Rad1 Rc8 19. Qd3 Qxd3 20.
Rxd3 a6 21. Bg5 Kg7 22. f4 Nfd7 23. fxe5 Rxf1+ 24. Kxf1 Nxe5 25. Rh3 Rf8+ 26.
Ke2 Rf7 27. Bh6+ Kg8 28. Be3 Nbc4 29. b3 Nxe3 30. Rxe3 Ng4 31. Re6 Nxh2 32. Ne4
Ng4 33. Kd3 Ne5+ 34. Kd4 Kf8 35. Ng5 Rf4+ 36. Ke3 Rh4 37. c4 b6 38. Ne4 Rh1 39.
Nxd6 exd6 40. Rxd6 Ra1 41. a4 Rxa4 42. Rxb6 Rxc4 43. Rb8+ Kg7 44. bxc4 Nxc4+
45. Kd4 Nd6 46. Ke5 Nf7+ 47. Kd4 h5 48. Ra8 a5 49. Rxa5 Nd8 50. Rb5 Nf7 51. Kc5
g5 52. Rb7 Kg6 53. Rxf7 Kxf7 54. Kc6 g4 55. d6 h4 56. d7 Kg6 57. d8=Q 1-0

[Event "Detroit (Class C/1/24)"]
[Site "?"]
[Date "1994.??.??"]
[Round "?"]
[White "Waite, Lawrence"]
[Black "Iyer, Krishnan"]
[Result "1-0"]
[WhiteElo "1605"]
[BlackElo "1605"]
[PlyCount "127"]
[EventDate "1994.??.??"]

{1/(24)} 1. e4 e5 2. Nf3 Nc6 3. Bb5 a6 4. Ba4 b5 5. Bb3 Bc5 6. O-O d6 7. d3 Na5
8. c3 Nxb3 9. Qxb3 Be6 10. Qd1 Qf6 11. d4 Bb6 12. d5 Bd7 13. Nbd2 g5 14. Nb3 g4
15. Ne1 Qg6 16. Qc2 h5 17. Be3 f5 18. Bxb6 cxb6 19. f4 fxe4 20. fxe5 dxe5 21.
Qf2 Ne7 22. Rd1 Nf5 23. Qe2 g3 24. h3 Nd6 25. Nd2 Bg4 26. hxg4 hxg4 27. Qe3 Nf5
28. Rxf5 Qxf5 29. Nxe4 Qf4 30. Qxf4 exf4 31. Nf6+ Ke7 32. Nxg4 Rh4 33. Ne5 Rah8
34. Kf1 Rh1+ 35. Ke2 R8h2 36. Ng6+ Kd6 37. Nxf4 Rh7 38. Kf3 Rg7 39. Ne6 Rf1+
40. Ke3 Re7 41. Ke2 Rf2+ 42. Ke3 Rxb2 43. Kf3 Rxa2 44. Kxg3 Rf7 45. Nf3 Ra3 46.
Rd3 b4 47. Nd2 bxc3 48. Nc4+ Ke7 49. Nxa3 Rf5 50. Nc4 b5 51. Na3 b4 52. Nc2 b3
53. Rxc3 bxc2 54. Rxc2 Rxd5 55. Nc7 Ra5 56. Kf4 Kd7 57. g4 Ra4+ 58. Kf5 Ke7 59.
Rc6 a5 60. Nd5+ Kf7 61. Rc7+ Kf8 62. Kf6 Kg8 63. g5 Ra2 64. Ne7+ 1-0

[Event "Detroit (Class C/5/5)"]
[Site "?"]
[Date "1994.??.??"]
[Round "?"]
[White "Waite, Lawrence"]
[Black "Cooper, Willie"]
[Result "0-1"]
[WhiteElo "1605"]
[BlackElo "1605"]
[PlyCount "116"]
[EventDate "1994.??.??"]

{5/(5)} 1. e4 c5 2. Nf3 Nf6 3. Nc3 g6 4. d4 cxd4 5. Nxd4 Bg7 6. Be3 O-O 7. h3
d5 8. exd5 Nxd5 9. Nxd5 Qxd5 10. c3 Rd8 11. Qb3 Qe4 12. Nf3 Be6 13. Ng5 Qxe3+
14. fxe3 Bxb3 15. axb3 Nc6 16. Nf3 Bh6 17. Ke2 Rd6 18. g4 Rad8 19. Bg2 a5 20.
Nd4 Nxd4+ 21. exd4 b6 22. Ra4 Re6+ 23. Kd1 Re3 24. Bf1 e5 25. Bb5 exd4 26. cxd4
Rxb3 27. Bc6 Rxb2 28. Be4 Rd2+ 29. Ke1 R8xd4 30. Rxd4 Rxd4 31. Bc6 Rd2 32. h4
Bf4 33. Rf1 Rd4 34. Ke2 a4 35. Ra1 Be5 36. Rxa4 Rxa4 37. Bxa4 Bg3 38. h5 Kg7
39. Kf3 Bh4 40. Bb5 Kf6 41. Kf4 g5+ 42. Kf3 h6 43. Bc4 Be1 44. Bb5 Ke5 45. Bd3
Kd4 46. Bh7 b5 47. Bg8 f6 48. Be6 b4 49. Bf7 Kc3 50. Be6 b3 51. Bxb3 Kxb3 52.
Ke4 Kc4 53. Kf5 Bc3 54. Kg6 Kd5 55. Kxh6 Ke5 56. Kg6 Kf4 57. h6 Kxg4 58. h7 f5
0-1

[Event "Detroit (Beg/4/4)"]
[Site "?"]
[Date "1994.??.??"]
[Round "?"]
[White "Wagoner, M."]
[Black "Whitaker, Deshontae"]
[Result "0-1"]
[WhiteElo "1605"]
[BlackElo "1605"]
[PlyCount "100"]
[EventDate "1994.??.??"]

{4/(4)} 1. e4 e5 2. Nc3 Bc5 3. Nf3 d6 4. Bb5+ Bd7 5. Bxd7+ Qxd7 6. O-O Nc6 7.
Na4 O-O-O 8. Nxc5 dxc5 9. d3 Nf6 10. Bg5 Qg4 11. h3 Qh5 12. Bxf6 gxf6 13. g4
Rd7 14. gxh5 Rg8+ 15. Kh2 Rdd8 16. Rg1 c4 17. Rxg8 Rxg8 18. dxc4 Rd8 19. Qxd8+
Nxd8 20. Rd1 Nc6 21. a4 Nb4 22. c3 Nc2 23. Rc1 Na3 24. bxa3 c5 25. a5 Kc7 26.
Rb1 Kc6 27. Nd4+ exd4 28. cxd4 cxd4 29. f4 Kc5 30. Rc1 d3 31. e5 fxe5 32. fxe5
Kd4 33. Rd1 Kxc4 34. Kg2 Kc3 35. Kf2 Kc2 36. Rxd3 Kxd3 37. h6 Kc4 38. Ke3 Kb3
39. Kd3 b5 40. h4 Kxa3 41. Kc2 Ka2 42. Kc3 Ka3 43. a6 b4+ 44. Kc4 b3 45. Kb5 b2
46. Kc6 Ka4 47. Kb7 Ka5 48. Kxa7 b1=Q 49. h5 Qb6+ 50. Ka8 Kxa6 0-1

[Event "Detroit (Beg/1/8)"]
[Site "?"]
[Date "1994.??.??"]
[Round "?"]
[White "Wagoner, M."]
[Black "Rahimzadeh, R."]
[Result "0-1"]
[WhiteElo "1605"]
[BlackElo "1605"]
[PlyCount "100"]
[EventDate "1994.??.??"]

{1/(8)} 1. f4 d5 2. b3 Nf6 3. Nf3 c5 4. Bb2 Ng4 5. e3 Nc6 6. Bb5 a6 7. Bxc6+
bxc6 8. d3 Nxe3 9. Qe2 d4 10. c3 e5 11. Nxe5 Bd6 12. Nxc6 Bg4 13. Nxd8 Bxe2 14.
Kxe2 Kxd8 15. cxd4 cxd4 16. Bxd4 Bxf4 17. Bxe3 Re8 18. Rc1 Bxe3 19. Rc6 Bd4+
20. Kf3 Bxa1 21. a4 Rb8 22. Rxa6 g5 23. g4 Ke7 24. Ra7+ Kf8 25. Nd2 Bc3 26. Ne4
Rxb3 27. Nxc3 Rxc3 28. Rd7 Ra3 29. h3 Rxa4 30. Rd5 Rf4+ 31. Kg3 Re3+ 32. Kg2
Re2+ 33. Kg1 Re1+ 34. Kh2 Rf2+ 35. Kg3 Rff1 36. Rd8+ Kg7 37. h4 Rg1+ 38. Kf2
Rgf1+ 39. Kg2 gxh4 40. Kh3 Rh1+ 41. Kg2 h3+ 42. Kf3 h2 43. Kg3 Reg1+ 44. Kh3
Rf1 45. Rd5 Rhg1 46. Kxh2 Rxg4 47. Kh3 Rfg1 48. Rh5 R4g3+ 49. Kh4 R3g2 50. d4
Rh1# 0-1

[Event "Novi (MI Women/1/7)"]
[Site "?"]
[Date "1994.??.??"]
[Round "?"]
[White "Venia, S."]
[Black "Livschitz, Victoria"]
[Result "0-1"]
[WhiteElo "1605"]
[BlackElo "1605"]
[PlyCount "78"]
[EventDate "1994.??.??"]

{1/(7)} 1. d4 d5 2. Nf3 Nf6 3. c4 c6 4. Nc3 dxc4 5. Bg5 b5 6. e3 Bf5 7. Be2 Bg6
8. O-O e6 9. Nh4 Be7 10. Nxg6 hxg6 11. Bf3 Nd5 12. Bxe7 Qxe7 13. h3 Nd7 14. a3
Rb8 15. Re1 O-O 16. e4 Nf4 17. Bg4 Nd3 18. Rb1 Nxe1 19. Qxe1 Nf6 20. Bf3 Rfd8
21. d5 exd5 22. e5 Nd7 23. g4 Nxe5 24. Bg2 Re8 25. Qe2 Nd3 26. Qxe7 Rxe7 27.
Kf1 Rbe8 28. Ne2 Rxe2 29. Bf3 Rxf2+ 30. Kg1 Rxf3 31. Rf1 Rg3+ 32. Kh2 Rge3 33.
Kg2 Re2+ 34. Kg3 R8e3+ 35. Rf3 Rxf3+ 36. Kxf3 Rxb2 37. g5 c3 38. Kg4 c2 39. a4
c1=Q 0-1

[Event "Novi (MI Women/3/6)"]
[Site "?"]
[Date "1994.??.??"]
[Round "?"]
[White "Venia, S."]
[Black "Hickey, Ashley"]
[Result "1-0"]
[WhiteElo "1605"]
[BlackElo "1605"]
[PlyCount "73"]
[EventDate "1994.??.??"]

{3/(6)} 1. e4 e5 2. Nf3 Nc6 3. Nc3 Bb4 4. Bc4 Bxc3 5. dxc3 Nf6 6. Ng5 O-O 7.
Qd3 Nb4 8. cxb4 b6 9. Bd2 a5 10. Qf3 axb4 11. Bxb4 c6 12. Bxf8 Qxf8 13. O-O-O
Bb7 14. a3 d5 15. exd5 cxd5 16. Qb3 dxc4 17. Qxc4 Rc8 18. Ne6 Rxc4 19. Nxf8
Kxf8 20. Rd8+ Ke7 21. Rhd1 Nd7 22. R8xd7+ Kf6 23. Rxb7 e4 24. Rxb6+ Ke7 25. b3
Rc3 26. Re1 h6 27. Rxe4+ Kd7 28. a4 Rxb3 29. Rxb3 h5 30. Rd3+ Kc7 31. Rc4+ Kb6
32. Rd5 Kb7 33. Rb4+ Ka8 34. Re4 g6 35. Re7 f6 36. Rd6 h4 37. Rd8# 1-0

[Event "Novi (MI Women/5/5)"]
[Site "?"]
[Date "1994.??.??"]
[Round "?"]
[White "Venia, S."]
[Black "Barone, C."]
[Result "1-0"]
[WhiteElo "1605"]
[BlackElo "1605"]
[PlyCount "67"]
[EventDate "1994.??.??"]

{5/(5)} 1. d4 e6 2. c4 g6 3. Nc3 Ne7 4. Nf3 Bg7 5. e4 O-O 6. Bd3 f5 7. e5 Nbc6
8. O-O h6 9. Re1 g5 10. d5 Nb4 11. Be2 c5 12. dxc6 Nexc6 13. a3 Nxe5 14. Nxe5
Bxe5 15. axb4 Bxc3 16. bxc3 Qf6 17. Bb2 Rd8 18. Qb3 d6 19. c5 d5 20. Rad1 b6
21. cxb6 axb6 22. Ra1 Rb8 23. c4 d4 24. b5 Bb7 25. Bf3 Bxf3 26. Qxf3 g4 27. Qf4
e5 28. Rxe5 Re8 29. Bxd4 Rbd8 30. Rxe8+ Qf8 31. Rxf8+ Kxf8 32. Qxh6+ Ke7 33.
Re1+ Kd7 34. Qc6# 1-0

[Event "Detroit (MOR/5/31)"]
[Site "?"]
[Date "1994.??.??"]
[Round "?"]
[White "Venia, Mike"]
[Black "Vaka, Flamur"]
[Result "0-1"]
[WhiteElo "1605"]
[BlackElo "1680"]
[PlyCount "52"]
[EventDate "1994.??.??"]

{5/(31)} 1. c4 e6 2. g3 f5 3. Bg2 Nf6 4. Nc3 Bc5 5. e4 fxe4 6. Nxe4 Be7 7. d4
O-O 8. Ne2 d5 9. N4c3 c6 10. O-O Nbd7 11. Nf4 Nb6 12. Re1 Nxc4 13. Nxe6 Bxe6
14. Rxe6 Re8 15. b3 Nb6 16. Bf4 Bb4 17. Rxe8+ Qxe8 18. Qd3 Qd7 19. Re1 Re8 20.
Be5 Ng4 21. Bh3 Nxe5 22. Bxd7 Nxd3 23. Rxe8+ Kf7 24. Ne2 Nxd7 25. Rc8 Bd6 26.
Ra8 Bb8 0-1

[Event "Detroit (Class C/2/23)"]
[Site "?"]
[Date "1994.??.??"]
[Round "?"]
[White "Venia, Mike"]
[Black "Serwatowski, Felix"]
[Result "0-1"]
[WhiteElo "1605"]
[BlackElo "1605"]
[PlyCount "40"]
[EventDate "1994.??.??"]

{2/(23)} 1. c4 e5 2. Nc3 Nf6 3. Nf3 Nc6 4. d4 exd4 5. Nxd4 Ne5 6. e4 Bb4 7. Qc2
O-O 8. Be2 Bxc3+ 9. Qxc3 Ng6 10. Bg5 Nxe4 11. Bxd8 Nxc3 12. Bxc7 Nxe2 13. Kxe2
Re8+ 14. Kd2 b6 15. Nb5 Ba6 16. Nd6 Re5 17. b4 Nf8 18. Rhe1 Rxe1 19. Rxe1 Ne6
20. g3 Nxc7 0-1

[Event "Detroit (Class C/4/17)"]
[Site "?"]
[Date "1994.??.??"]
[Round "?"]
[White "Venia, Mike"]
[Black "Salami, Samer"]
[Result "1/2-1/2"]
[WhiteElo "1605"]
[BlackElo "1605"]
[PlyCount "120"]
[EventDate "1994.??.??"]

{4/(17)} 1. e4 c6 2. d4 d5 3. Nc3 e6 4. a3 Nd7 5. Bd3 Bd6 6. e5 Be7 7. f4 c5 8.
Nf3 cxd4 9. Nxd4 Bc5 10. Nce2 Nh6 11. O-O Qc7 12. c3 b6 13. Ng3 g6 14. Be3 Bb7
15. Qe2 Bxd4 16. cxd4 f5 17. Rac1 Qd8 18. Rc3 Ng4 19. h3 Nh6 20. Rfc1 Rg8 21.
Bb5 Rg7 22. Rc7 Rb8 23. Qf2 a6 24. Ba4 b5 25. Bd1 Re7 26. Nf1 Nb6 27. Qc2 Rxc7
28. Qxc7 Qxc7 29. Rxc7 Nf7 30. b3 Bc8 31. Nh2 Bd7 32. Nf3 Rc8 33. Rxc8+ Nxc8
34. Ne1 Nd8 35. Nd3 Nc6 36. Nc5 Nb8 37. g4 fxg4 38. hxg4 Ne7 39. Be2 Bc8 40.
Bd2 Nec6 41. Bc3 Ke7 42. Kg2 Nd7 43. Nd3 Nb6 44. Kg3 a5 45. Kh4 Ba6 46. b4 Na4
47. Ba1 axb4 48. Nxb4 Nxb4 49. axb4 Nb6 50. Kg5 Kf7 51. Bd3 Nc4 52. Bxc4 dxc4
53. f5 gxf5 54. gxf5 exf5 55. Kxf5 Ke7 56. Kg5 Bb7 57. Kh6 Ke6 58. Kxh7 Kd5 59.
Kg7 Bc8 60. Kf6 Be6 1/2-1/2

[Event "Detroit (MOR/2/18)"]
[Site "?"]
[Date "1994.??.??"]
[Round "?"]
[White "Venia, Mike"]
[Black "Carr, J."]
[Result "0-1"]
[WhiteElo "1605"]
[BlackElo "1700"]
[PlyCount "100"]
[EventDate "1994.??.??"]

{2/(18)} 1. e4 c5 2. Nf3 Nf6 3. Nc3 d5 4. Bb5+ Bd7 5. exd5 Nxd5 6. Bxd7+ Qxd7
7. Nxd5 Qxd5 8. d4 e6 9. Be3 c4 10. c3 Be7 11. O-O Nd7 12. Bf4 O-O 13. Re1 Rad8
14. Qc2 a6 15. a4 h6 16. Nd2 Rc8 17. Qe4 Nf6 18. Qxd5 Nxd5 19. Bg3 Bf6 20. Ne4
Rc6 21. Nxf6+ gxf6 22. a5 Kh7 23. h3 Rcc8 24. Re2 Rfd8 25. Rae1 Ne7 26. Bh4 Ng8
27. Re3 Rd5 28. Rf3 Rxa5 29. Bxf6 Nxf6 30. Rxf6 Kg7 31. Rf3 Rd8 32. Rfe3 Rdd5
33. f4 Rab5 34. R1e2 Rb3 35. Re5 Rdb5 36. Rc5 Rxc5 37. dxc5 Rb5 38. c6 bxc6 39.
Kf1 Kf6 40. Ke1 Rd5 41. Rd2 h5 42. g4 h4 43. Kd1 a5 44. Kc2 a4 45. Kc1 Ke7 46.
Kc2 Kd6 47. Rd4 Kc5 48. f5 exf5 49. gxf5 Rxd4 50. cxd4+ Kxd4 0-1

[Event "Detroit (MOR/2/22)"]
[Site "?"]
[Date "1994.??.??"]
[Round "?"]
[White "Velasquez, A."]
[Black "al-Shareef, Robert"]
[Result "1/2-1/2"]
[WhiteElo "1690"]
[BlackElo "1605"]
[PlyCount "130"]
[EventDate "1994.??.??"]

{2/(22)} 1. d4 Nf6 2. Nf3 g6 3. Bg5 d5 4. e3 Bg4 5. Bxf6 exf6 6. Nbd2 Qe7 7.
Bd3 f5 8. c3 Nd7 9. Qb3 Nb6 10. Ne5 f6 11. Bb5+ Kd8 12. Nxg4 fxg4 13. O-O c6
14. Bd3 f5 15. Rac1 h5 16. a4 h4 17. a5 Nc8 18. Rfe1 Bh6 19. Nf1 Nd6 20. c4
dxc4 21. Bxc4 Nxc4 22. Rxc4 h3 23. e4 hxg2 24. Kxg2 Bf4 25. Ng3 Qh4 26. Rh1
Qh3+ 27. Kg1 Kc7 28. exf5 gxf5 29. d5 Rhe8 30. Qd1 Bd6 31. dxc6 bxc6 32. Nxf5
Rad8 33. Qc1 Qf3 34. Nd4 Qd5 35. Nxc6 Re1+ 36. Qxe1 Qxc4 37. Nxd8 Kxd8 38. h4
gxh3 39. Rxh3 Qg4+ 40. Rg3 Bxg3 41. fxg3 Qd4+ 42. Qf2 Qd1+ 43. Kg2 Qd5+ 44. Qf3
Qxa5 45. Qf8+ Kc7 46. Qe7+ Kc6 47. Qe6+ Kc7 48. Qc4+ Kd6 49. b4 Qb6 50. g4 a6
51. g5 Kd7 52. Qf7+ Kd8 53. Qf8+ Kd7 54. Qf4 Ke8 55. Qe4+ Kf7 56. Kf3 Kg7 57.
Kf4 Qf2+ 58. Ke5 Qg3+ 59. Ke6 Qb3+ 60. Kd6 Qg3+ 61. Kd5 Qb3+ 62. Kc5 Qa4 63.
Qe7+ Kg6 64. Qf6+ Kh5 65. Qe7 a5 1/2-1/2